Modernidad, democracia y partidos políticos / (Registro nro. 5242)
[ vista simple ]
| 000 -LEADER | |
|---|---|
| fixed length control field | 01452nam a2200301Ia 4500 |
| 003 - CONTROL NUMBER IDENTIFIER | |
| control field | OSt |
| 005 - DATE AND TIME OF LATEST TRANSACTION | |
| control field | 20200423224645.0 |
| 008 - FIXED-LENGTH DATA ELEMENTS--GENERAL INFORMATION | |
| fixed length control field | 191128s1993 ck gr 000 0 spa d |
| 020 ## - INTERNATIONAL STANDARD BOOK NUMBER | |
| International Standard Book Number | 9589272274 |
| 040 ## - CATALOGING SOURCE | |
| Original cataloging agency | CO-JMCR |
| Transcribing agency | CO-JMCR |
| 041 0# - LANGUAGE CODE | |
| Language code of text/sound track or separate title | spa |
| 082 04 - DEWEY DECIMAL CLASSIFICATION NUMBER | |
| Classification number | 324.2 / |
| Item number | D352m |
| Edition number | 23 |
| 100 1# - MAIN ENTRY--PERSONAL NAME | |
| Personal name | Delgado, Oscar, |
| Relator term | autor |
| 9 (RLIN) | 3480 |
| 245 10 - TITLE STATEMENT | |
| Title | Modernidad, democracia y partidos políticos / |
| Statement of responsibility, etc. | Oscar Delgado, Pierre Gilhodes, Alirio Gómez [y otros 3] |
| 250 ## - EDITION STATEMENT | |
| Edition statement | Primera edición |
| 260 ## - PUBLICATION, DISTRIBUTION, ETC. | |
| Place of publication, distribution, etc. | Bogotá : |
| Name of publisher, distributor, etc. | Fundación Friedrich Ebert de Colombia : Fundación para la Investigación y Desarrollo de la Ciencia Política, |
| Date of publication, distribution, etc. | 1993 |
| 300 ## - PHYSICAL DESCRIPTION | |
| Extent | 328 páginas ; |
| Dimensions | 21 cm. |
| 504 ## - BIBLIOGRAPHY, ETC. NOTE | |
| Bibliography, etc. note | Bibliografía: página 328 |
| 505 0# - FORMATTED CONTENTS NOTE | |
| Formatted contents note | Tradición y modernidad de la política colombiana -- Sistema de partidos y partidos políticos en Colombia -- Democracia y política en Colombia -- Dominación, modernización y democracia en Colombia |
| 520 ## - SUMMARY, ETC. | |
| Summary, etc. | La apertura política actual ha generado un espacio para la convergencia nacional, donde tienen cabida diferentes propuestas para la modernización y legitimación del Estado y la democracia. |
| 650 14 - SUBJECT ADDED ENTRY--TOPICAL TERM | |
| Topical term or geographic name entry element | Partidos políticos |
| Geographic subdivision | Colombia |
| 9 (RLIN) | 3481 |
| 650 14 - SUBJECT ADDED ENTRY--TOPICAL TERM | |
| Topical term or geographic name entry element | Ideologías políticas |
| Geographic subdivision | Colombia |
| 9 (RLIN) | 3482 |
| 650 14 - SUBJECT ADDED ENTRY--TOPICAL TERM | |
| Topical term or geographic name entry element | Democracia |
| Geographic subdivision | Colombia |
| 9 (RLIN) | 3483 |
| 650 14 - SUBJECT ADDED ENTRY--TOPICAL TERM | |
| Topical term or geographic name entry element | Desarrollo político |
| Geographic subdivision | Colombia |
| 9 (RLIN) | 3484 |
| 700 14 - ADDED ENTRY--PERSONAL NAME | |
| Personal name | Gilhodes, Pierre, |
| Relator term | autor |
| 9 (RLIN) | 3485 |
| 700 14 - ADDED ENTRY--PERSONAL NAME | |
| Personal name | Gómez, Alirio, |
| Relator term | autor |
| 9 (RLIN) | 3486 |
| 942 ## - ADDED ENTRY ELEMENTS (KOHA) | |
| Source of classification or shelving scheme | Dewey Decimal Classification |
| Koha item type | Books |
| Withdrawn status | Lost status | Source of classification or shelving scheme | Damaged status | Not for loan | Collection code | Home library | Current library | Date acquired | Source of acquisition | Cost, normal purchase price | Total Checkouts | Full call number | Barcode | Date last seen | Copy number | Koha item type |
|---|---|---|---|---|---|---|---|---|---|---|---|---|---|---|---|---|
| Dewey Decimal Classification | Non-fiction | Biblioteca Pública José María del Castillo y Rada | Biblioteca Pública José María del Castillo y Rada | 04/15/2018 | Donación | 0.00 | 324.2 / D352m | 430001562 | 05/16/2024 | Ej.1 | Books |